| 000 | 01105nam a22003737a 4500 | ||
|---|---|---|---|
| 001 | 0064654 | ||
| 003 | KOHA_MİRAKIL | ||
| 005 | 20260207004501.0 | ||
| 007 | ta | ||
| 008 | 190313b2003 tu |||gr||||#||||0|tur | | ||
| 020 | _a9755910468 | ||
| 040 |
_aTR-BiSEU _btur _cTR-BiSEU _erda |
||
| 041 | 0 | _atur | |
| 044 | _ctu | ||
| 050 |
_aQ180 _b.K37 2003 |
||
| 100 | 1 | _aKarasar, Niyazi. | |
| 245 | 1 |
_aBilimsel araştırma yöntemi: kavramlar, ilkeler, teknikler/ _cNiyazi Karasar ; Niyazi Karasar. |
|
| 250 | _a12. Baskı | ||
| 264 | 1 |
_aAnkara : _bNobel _c2003 |
|
| 300 | _aXVII, 292 sayfa: resimli; 20 cm | ||
| 336 |
_ametin _btxt _2rdacontent |
||
| 337 |
_aaracısız _bn _2rdamedia |
||
| 338 |
_acilt _bnc _2rdacarrier |
||
| 490 | 1 |
_aNobel yayın no ; _v068. |
|
| 490 | 1 |
_aEğitim yayınları dizi no ; _v36 |
|
| 500 | _aKaynakça var. | ||
| 650 | 0 |
_aBilim. _99118 |
|
| 650 | 0 |
_aRapor yazma. _91912 |
|
| 650 | 0 |
_aReport writing. _912224 |
|
| 650 | 0 |
_aScience. _92544 |
|
| 830 | 1 |
_aNobel yayın no ; _v068. _91940 |
|
| 830 | 1 |
_aEğitim yayınları dizi no ; _v36 _9118724 |
|
| 942 |
_2lcc _cBK |
||
| 999 |
_c64448 _d64448 |
||